Movies Quiz

Random Movies or Song Quiz
Score 0/20 Timer 07:00
5 Plays Today
% Correct
Under the Sea
The Little Mermaid
94.2%
Pinball Wizard
Tommy
87.6%
Dentist!
Little Shop of Horrors
79.1%
Springtime for Hitler
The Producers
76.5%
Everything Is Awesome
The Lego Movie
75.8%
A Hard Day's Night
A Hard Day's Night
75.6%
Somewhere Out There
An American Tail
72.6%
The Rain in Spain
My Fair Lady
71.4%
That Thing You Do
That Thing You Do!
70.9%
Raindrops Keep Fallin' on My Head
Butch Cassidy and the Sundance Kid
65.2%
% Correct
Blue Velvet
Blue Velvet
65.2%
Everybody Needs Somebody to Love
Blues Brothers
61.4%
Lust for Life
Trainspotting
59.3%
Leaving on a Jet Plane
Armageddon
58.5%
Don't Stop Me Now
Shaun of the Dead
56.1%
I Just Dropped In
The Big Lebowski
55.3%
Fight the Power
Do the Right Thing
44.7%
In the Hall of the Mountain King
M
39%
The Harlem Shuffle
Baby Driver
31%
Orinoco Flow
The Girl with the Dragon Tattoo
28.5%
Remove Ads.
Support Sporcle.
Get the best of Sporcle when you Go Orange. This ad-free experience offers more features, more stats, and more fun while also helping to support Sporcle. Thank you for becoming a member.

You're not logged in!

Compare scores with friends on all Sporcle quizzes.
OR
Log In

Show Comments

Extras

Top Quizzes Today


Score Distribution

Your Account Isn't Verified!

In order to create a playlist on Sporcle, you need to verify the email address you used during registration. Go to your Sporcle Settings to finish the process.

Report this User

Report this user for behavior that violates our Community Guidelines.

Details: